000
00320nam a22001217a 4500
008
160504b xxu||||| |||| 00| 0 eng d
020
_a
9780314044488
020
_a
0314044485
041
_a
eng
080
_a
612.39
245
_a
Nutrition and diet theropy:
_c
Corinne Balog Cataldo; Linda Kelly Debruyne;
942
_2
udc
_c
BK
999
_c
1786
_d
1786